000 00426nam a2200181Ia 4500
001 19195
005 20260306171726.0
008 260306s9999||||xx |||||||||||||| ||und||
041 _aESP
082 _a658.8
_bV65
100 _aVildósola Basay, Mario
_eAUT
245 0 _aGestión de mercadotecnia
260 _c2003
300 _a467 páginas :
_c24 cm.
650 _aGEN
654 _aCAN
942 _cLIB
_dJUS
_fJUS
_2ddc
_n
999 _c19195
_d19195